000 00641nam a2200205Ii 4500
003 JO-AjNU
008 230605s9999||||xx |||||||||||||| ||und||
040 _aJO-AjNU
_bara
_erda
_cJO-AjNU
041 _aara
050 1 4 _aDS38.9 1993
100 3 _aالأبيض، أنيس,
_eauthor
_919039
245 0 0 _aرشيد رضا: تاريخ وسيرة
250 _aط1
264 3 1 _aطرابس: جروس برس، 1993
300 _a141ص
_bفهارس من ص (124- 133 )
336 _atext
_btxt
_2rdacontent
337 _aunmediated
_bn
_2rdamedia
338 _avolume
_bnc
_2rdacarrier
650 4 _aرشيد رضا - تراجم- تاريخ
_919040
999 _aA6201
_c9769
_d9769